AVM Shorts Quiz - Statistics

General Stats
  • This quiz has been taken 33 times
  • The average score is 15 of 30
Answer Stats
Hint Answer % Correct
ep.30 The King
88%
ep.21 The Witch
71%
ep.1 The Rediscovery
65%
ep.27 Monster School
59%
ep.11 SkyBlock
59%
ep.20 The Piglin War
59%
ep.3 The Roller Coaster
59%
ep.26 The Warden
59%
ep.14 Cave Spider Roller Coaster
53%
ep.19 Lucky Blocks
53%
ep.29 Note Block Universe
53%
ep.22 Parkour
53%
ep.23 Titan Ravager
53%
ep.17 Build Battle
47%
ep.5 Note Blocks
47%
ep.7 PvP
47%
ep.13 The Dolphin Kingdom
47%
ep.10 The End
47%
ep.28 The Raid
47%
ep.25 The Ultimate Weapon
47%
ep.9 Villagers
47%
ep.6 Command Blocks
41%
ep.24 Lush Caves
41%
ep.15 Redstone Academy
41%
ep.18 Texture Pack
41%
ep.2 The Building Contest
41%
ep.4 Potions
35%
ep.8 The Nether
35%
ep.12 TNT Land
35%
ep.16 Note Block Battle
29%
No matching quizzes found
Score Distribution
Percent of People with Each Score
Percentile by Number Answered
Your Score History
You have not taken this quiz